00358pab a2200097 454500008003600000100002400036245009200060362003400152650004100186773003300227180718b xxu||||| |||| 00| 0 eng d aMishra Aswini Kumar aSocial impact of handloom cooperatives on weavers in Western Orissa: on empirical study a13(2), Apr-Jun 1994, p.259-67 aHandloom Industry -- India -- Orissa aJournal of Rural Development